• 首页
  • 本馆介绍
  • 公告通知
  • 最新文献
  • 馆藏检索
  • 电子资源
  • 读者荐购
  • 参考咨询
  • CALIS
  • 我的图书馆
  • 登录
  • 详细信息显示
  • 放入我的书架
  • 预约/预借图书
  • 作者相关作品
  • 分类相关作品
  • 丛书相关作品
  • 出版社相关作品

书目信息

  • 表格格式
  • 工作单格式
  • 卡片格式
题名:
朝向一朵花的盛开
    
 
作者: 陈应松 著
分册:  
出版信息: 北京   北京联合出版公司  2021.10
页数: 293页
开本: 21cm
丛书名:
单 册:
中图分类: I267.1
科图分类:
主题词: 随笔--作品集--中国--当代
电子资源:
ISBN: 978-7-5596-5587-5
 
 
 
 
 
000 01130nam0 2200253 450
001 01071245
005 20251022212106.93
010    @a978-7-5596-5587-5@dCNY48.00
039    @aA310000SHL@bUCS01004208423@c1104140505
100    @a20211025d2021 em y0chiy0120 ea
101 0  @achi
102    @aCN@b110000
105    @ay z 000cy
106    @ar
200 1  @a朝向一朵花的盛开@9chao xiang yi duo hua de sheng kai@f陈应松著
210    @a北京@c北京联合出版公司@d2021.10
215    @a293页@d21cm
314    @a陈应松,武汉大学中文系毕业。湖北省作家协会原副主席、文学院长。现为中国作家协会全委会委员,一级作家。出版小说集、散文集、诗歌集等100余部,《陈应松文集》40卷,《陈应松神农架系列小说全集》3卷。
330    @a《朝向一朵花的盛开》是陈应松通过穿行在自然间,与花鸟鱼虫为伴,与袅袅炊烟相闻,一步一步走进自己的内心世界的哲思力作。他的文章给人的整体感觉是雄浑苍莽,却又带着丝丝暖意,不管这世界多么喧嚣,我们都能从中体验到一个向暖、向真、向善的安静的世界。
606 0  @a随笔@x作品集@y中国@z当代
690    @aI267.1@v5
701  0 @a陈应松@9chen ying song@4著
801  0 @aCN@c20250911
905    @a河南城建学院图书馆@dI267.1@eC626@ZC626@f3
    
    朝向一朵花的盛开/陈应松著.-北京:北京联合出版公司,2021.10
    293页;21cm
    
    
    ISBN 978-7-5596-5587-5:CNY48.00
    《朝向一朵花的盛开》是陈应松通过穿行在自然间,与花鸟鱼虫为伴,与袅袅炊烟相闻,一步一步走进自己的内心世界的哲思力作。他的文章给人的整体感觉是雄浑苍莽,却又带着丝丝暖意,不管这世界多么喧嚣,我们都能从中体验到一个向暖、向真、向善的安静的世界。
●
相关链接 在E读中查询图书 在当当中查询图书 在豆瓣中查询图书


正题名:朝向一朵花的盛开     索取号:I267.1/C626         预约/预借

序号 登录号 条形码 馆藏地/架位号 状态 备注
1 1636789   216367893   文学库116/116文学库 9排4列1层/ [索取号:I267.1/C626] 在馆    
2 1636790   216367900   文学库116/116文学库 9排4列1层/ [索取号:I267.1/C626] 在馆    
3 1636791   216367919   文学库116/116文学库 9排4列1层/ [索取号:I267.1/C626] 在馆    
河南城建学院图书馆 欢迎您!
大连网信软件有限公司© 版权所有